00253nam a22001097a 4500008004100000020001500041082001800056100000800074245003000082260002200112300000900134230620b xxu||||| |||| 00| 0 eng d a996676710X a316.6762bKNB cKNB aStatistical Abstract 2007 aKenyabKNBSc2007 a313p